Sole survivors (Record no. 62509)
[ view plain ]
| 000 -LEADER | |
|---|---|
| fixed length control field | 00669cam a2200205 4500 |
| 001 - CONTROL NUMBER | |
| control field | ABS61994 |
| 008 - FIXED-LENGTH DATA ELEMENTS--GENERAL INFORMATION | |
| fixed length control field | 000000n2000 000 0 eng u |
| 035 ## - SYSTEM CONTROL NUMBER | |
| System control number | (Sirsi) u104149 |
| 100 ## - MAIN ENTRY--PERSONAL NAME | |
| Personal name | Elford, J. |
| 245 ## - TITLE STATEMENT | |
| Title | Sole survivors |
| 260 ## - PUBLICATION, DISTRIBUTION, ETC. | |
| Date of publication, distribution, etc. | 2000 |
| 490 ## - SERIES STATEMENT | |
| Series statement | Property Week |
| Volume/sequential designation | 65(3) 21 January 2000, 52-53(2) |
| 520 ## - SUMMARY, ETC. | |
| Summary, etc. | A group of chartered surveyors working as sole practitioners in East Anglia have set up a network, the East Anglia Sole Practitioners Panel. |
| 590 ## - LOCAL NOTE (RLIN) | |
| Local note | ABS |
| 650 ## - SUBJECT ADDED ENTRY--TOPICAL TERM | |
| Topical term or geographic name entry element | SOLE PRACTITIONERS |
| 650 ## - SUBJECT ADDED ENTRY--TOPICAL TERM | |
| Topical term or geographic name entry element | NETWORKING |
| 650 ## - SUBJECT ADDED ENTRY--TOPICAL TERM | |
| Topical term or geographic name entry element | ABOUT RICS-RICS MEMBERS |
| 690 ## - LOCAL SUBJECT ADDED ENTRY--TOPICAL TERM (OCLC, RLIN) | |
| Topical term or geographic name as entry element | MANAGEMENT-BUSINESS MANAGEMENT-PROFESSIONAL PRACTICE |
| 942 ## - ADDED ENTRY ELEMENTS (KOHA) | |
| Suppress in OPAC | 0 |
| Withdrawn status | Lost status | Source of classification or shelving scheme | Damaged status | Not for loan | Home library | Current library | Shelving location | Date acquired | Total Checkouts | Full call number | Barcode | Date last seen | Copy number | Price effective from | Koha item type |
|---|---|---|---|---|---|---|---|---|---|---|---|---|---|---|---|
| Dewey Decimal Classification | London | London | Journal article | 14/02/2000 | ABS61994 | 104149-1001 | 06/08/2019 | 1 | 06/08/2019 | Journal article |